Systems of Linear Equations and Matrices : (Record no. 5937)

000 -LEADER
fixed length control field 01243cam a22003498i 4500
003 - CONTROL NUMBER IDENTIFIER
control field OSt
005 - DATE AND TIME OF LATEST TRANSACTION
control field 20230612083605.0
008 - FIXED-LENGTH DATA ELEMENTS--GENERAL INFORMATION
fixed length control field 171024s2018 mau 001 0 eng
020 ## - INTERNATIONAL STANDARD BOOK NUMBER
International Standard Book Number 9780558349332
020 ## - INTERNATIONAL STANDARD BOOK NUMBER
International Standard Book Number 0558349331
040 ## - CATALOGING SOURCE
Transcribing agency ALUPE UNIVERSITY
042 ## - AUTHENTICATION CODE
Authentication code pcc
050 00 - LIBRARY OF CONGRESS CALL NUMBER
Classification number QA37.3
Item number .L544 2018
100 1# - MAIN ENTRY--PERSONAL NAME
Personal name Lial, Margaret L.,
245 10 - TITLE STATEMENT
Title Systems of Linear Equations and Matrices :
Statement of responsibility, etc. Margaret L. Lial (American River College), Thomas W. Hungerford (Saint Louis University), John P. Holcomb, Jr. (Cleveland State University), Bernadette Mullins (Birmingham-Southern College).
250 ## - EDITION STATEMENT
Edition statement Twelfth edition.
263 ## - PROJECTED PUBLICATION DATE
Projected publication date 1801
264 #1 - PRODUCTION, PUBLICATION, DISTRIBUTION, MANUFACTURE, AND COPYRIGHT NOTICE
Place of production, publication, distribution, manufacture Boston, MA :
Name of producer, publisher, distributor, manufacturer Pearson,
Date of production, publication, distribution, manufacture, or copyright notice c2018.
300 ## - PHYSICAL DESCRIPTION
Extent pages cm
336 ## - CONTENT TYPE
Content type term text
Content type code txt
Source rdacontent
337 ## - MEDIA TYPE
Media type term unmediated
Media type code n
Source rdamedia
338 ## - CARRIER TYPE
Carrier type term volume
Carrier type code nc
Source rdacarrier
500 ## - GENERAL NOTE
General note Includes indexes.
650 #0 - SUBJECT ADDED ENTRY--TOPICAL TERM
Topical term or geographic name entry element Mathematics
Form subdivision Textbooks.
650 #0 - SUBJECT ADDED ENTRY--TOPICAL TERM
Topical term or geographic name entry element Social sciences
General subdivision Mathematics
Form subdivision Textbooks.
700 1# - ADDED ENTRY--PERSONAL NAME
Personal name Hungerford, Thomas W.,
Relator term author.
700 1# - ADDED ENTRY--PERSONAL NAME
Personal name Holcomb, John P.,
Titles and other words associated with a name Jr.,
Relator term author.
700 1# - ADDED ENTRY--PERSONAL NAME
Personal name Mullins, Bernadette,
Relator term author.
906 ## - LOCAL DATA ELEMENT F, LDF (RLIN)
a 7
b cbc
c orignew
d 1
e ecip
f 20
g y-gencatlg
942 ## - ADDED ENTRY ELEMENTS (KOHA)
Source of classification or shelving scheme
Koha item type Book
Suppress in OPAC OSW
Holdings
Withdrawn status Lost status Source of classification or shelving scheme Damaged status Not for loan Permanent Location Current Location Shelving location Date acquired Source of acquisition Total Checkouts Full call number Barcode Date last seen Price effective from Koha item type Public note
          AU LIBRARY AU LIBRARY Open Shelf 15.09.2022 DONATION FROM MOI UNIVERSITY   QA37.3 .L544 2018 28008308 15.09.2022 15.09.2022 Book OSW

Powered by Koha